000 00593nam a2200217Ia 4500
003 OSt
005 20220926035854.0
006 a|||||r|||| 00| 0
007 ta
008 220923b |||||||| |||| 00| 0 eng d
037 _cGeneral Book
040 _aRTL
_cRTL
_beng
041 _2eng
_aeng
082 _aX6xM83:9, J2-;2
100 _aHajela Prauag Das
_9342880
245 0 _aKeynes' 'general theory'
_b Trade cycle and foreign
260 _c1952
650 _aKeynes
_9231657
942 _hX6xM83:9, J2-;2
_cGB
_2CC
999 _c663282
_d663282